|
|
|
|
| LEADER |
00000nab a2200000 a 4500 |
| 001 |
vtls000881461 |
| 003 |
SK-MaSNL |
| 005 |
20260303234124.0 |
| 008 |
180206c2004 xo 0 slo |
| 015 |
|
|
|a SNBRB2004/08-22792
|
| 035 |
|
|
|a CLN000232973
|
| 040 |
|
|
|a SNKBUCL
|b slo
|c SNKBUCL
|e AACR2
|
| 041 |
0 |
|
|a slo
|
| 044 |
|
|
|a xo
|c SK
|
| 080 |
|
|
|a 631.155.3(437.6)
|2 UDC-MRF-SK2
|
| 080 |
|
|
|a 631.164.28(437.6)
|2 UDC-MRF-SK2
|
| 100 |
1 |
|
|a Nemec, Stanislav
|4 aut
|9 339695
|
| 245 |
1 |
0 |
|a Voda zanechala za sebou škody i rozpaky
|c Stanislav Nemec
|
| 650 |
0 |
7 |
|a poľnohospodárstvo
|x povodne
|x škody
|z Slovensko východné
|y august 2004
|2 snkbucl
|9 1271380
|
| 650 |
0 |
7 |
|a škody
|2 snkbucl
|9 276699
|
| 650 |
0 |
7 |
|a povodne
|2 snkbucl
|9 15273
|
| 655 |
|
7 |
|a články z novín a časopisov
|2 snkbucl
|9 267496
|
| 773 |
0 |
|
|x 1335-440X
|t Sme. Roľnícke noviny
|g Č. 187 (13.8.2004)
|
| 773 |
0 |
|
|x 1335-440X
|t [Príl.] Roľnícke noviny
|g Č. 33 (13.8.2004), s. 1 a 3
|
| 850 |
|
|
|a Slovenská národná knižnica v Martine
|
| 852 |
|
|
|a SNK
|b KIS3GCP
|
| 958 |
|
|
|a RBX
|
| 999 |
|
|
|c 2519321
|d 2521251
|